[Event "World Rapid 2025"]
[Site "Doha QAT"]
[Date "2025.12.27"]
[Round "7.87"]
[White "Ansat, Aldiyar"]
[Black "Rakhmanov, Aleksandr"]
[Result "1/2-1/2"]
[WhiteTitle "IM"]
[BlackTitle "GM"]
[WhiteElo "2479"]
[BlackElo "2585"]
[WhiteFideId "13715658"]
[BlackFideId "4173708"]
[EventDate "2025.12.26"]

1. e4 c5 2. Nf3 Nf6 3. e5 Nd5 4. Nc3 Nxc3 5. dxc3 Nc6 6. Bf4 Qb6 7. Rb1 Qc7 8.
Bd3 e6 9. Qe2 h6 10. Nd2 b6 11. O-O Bb7 12. Rbd1 O-O-O 13. Ba6 f5 14. Bxb7+ Qxb7
15. Nc4 g5 16. Bc1 f4 17. a4 Be7 18. Qh5 Qc7 19. Rfe1 Rdf8 20. b3 Rf5 21. Bb2
Qd8 22. Rd3 Qc7 23. Red1 Rd8 24. Qxh6 Nxe5 25. Nxe5 Qxe5 26. Qh7 Qf6 27. c4 e5
28. Rh3 d6 29. Qh5 a5 30. Qg4 Kc7 31. Rh7 Re8 32. Rd3 Qe6 33. Rh6 Qxh6 34. Qxf5
Qf6 35. Qg4 Rh8 36. h3 Rd8 37. Kf1 Qg6 38. Ke2 Qe4+ 39. Kd2 Rd7 40. f3 Qc6 41.
Qe6 Bf8 42. Rd5 Be7 43. Kd3 Bf8 44. Ke4 Be7 45. Kf5 Bd8 46. Ke4 Re7 47. Qg6 Rd7
48. Bc3 Be7 49. Be1 Qa8 50. Bf2 Qh8 51. Rd1 Bf8 52. Be1 Rg7 53. Qf5 Qg8 54. Bc3
Rf7 55. Qe6 Qh7+ 56. Kd5 Rd7 57. Rd3 Be7 58. Be1 Qh8 59. Ke4 Bf8 60. Rd5 Qh7+
61. Qf5 Qg7 62. Kd3 Rf7 63. Qe4 Be7 64. c3 Qh7 65. Qxh7 Rxh7 66. Ke4 Kd7 67. Rd1
Ke6 68. b4 axb4 69. cxb4 cxb4 70. Bxb4 Rh8 71. Kd3 Ra8 72. Ra1 Bd8 73. Be1 d5
74. cxd5+ Kxd5 75. Bc3 Bc7 76. Ra2 Ra7 77. Ra1 Ra6 78. Bb4 Bd8 79. Kc3 Bc7 80.
Rd1+ Ke6 81. Kb3 Ra8 82. Rc1 Kd7 83. Rc2 Ra7 84. Rc3 Ra8 85. Rc1 Ra7 86. Rh1 Ra8
87. Re1 Kc6 88. Rd1 Re8 89. Rc1+ Kb7 90. Re1 Kc6 91. Re2 Ra8 92. Be7 Rg8 93. Kc4
Kd7 94. Ba3 Ra8 95. Kb3 Ke6 96. Rd2 Ra7 97. Rd1 Ra8 98. Bb4 Ra7 99. Be1 Ra8 100.
Bf2 Bd8 101. Rc1 Kd7 102. Rc4 Bc7 103. Rc2 Bd8 104. Kb4 Be7+ 105. Kb3 Bd8 106.
Ra2 Kc6 107. Re2 Bc7 108. Rd2 Re8 109. Rc2+ Kb7 110. Rc4 Rd8 111. Kc2 Rd5 112.
Rc3 Ra5 113. Kb3 Rd5 114. Kc2 1/2-1/2

[Event "World Rapid 2025"]
[Site "Doha QAT"]
[Date "2025.12.27"]
[Round "7.88"]
[White "Zverev, Lev"]
[Black "Kobalia, Mikhail"]
[Result "1-0"]
[WhiteTitle "IM"]
[BlackTitle "GM"]
[WhiteElo "2453"]
[BlackElo "2537"]
[WhiteFideId "24250775"]
[BlackFideId "4119150"]
[EventDate "2025.12.26"]

1. e4 c5 2. Nf3 e6 3. d4 cxd4 4. Nxd4 Nc6 5. Nc3 a6 6. Be3 Nf6 7. f4 Bb4 8. Bd3
e5 9. fxe5 Nxe5 10. O-O Bc5 11. Kh1 d6 12. Qd2 O-O 13. Nf5 Bxe3 14. Nxe3 Be6 15.
Rad1 b5 16. a3 Rc8 17. a4 Nxd3 18. Qxd3 bxa4 19. Nxa4 Qa5 20. Nc3 Qb6 21. Rxf6
gxf6 22. Ned5 Bxd5 23. Nxd5 Qxb2 24. c3 Kh8 25. e5 Qf2 26. Nxf6 Qh4 27. Qxd6 a5
28. g3 Qh3 29. Qd4 Qf5 30. Kg1 Rcd8 31. Qxd8 Rxd8 32. Rxd8+ Kg7 33. Rg8+ Kh6 34.
Ng4+ Kh5 35. Nf6+ Kh6 36. h4 a4 37. Rg5 Qxg5 38. hxg5+ Kxg5 39. Nd5 Kf5 40. Kf2
Kxe5 41. Nb6 f5 42. Nxa4 Ke4 43. c4 Kd4 44. c5 Kd5 1-0

[Event "World Rapid 2025"]
[Site "Doha QAT"]
[Date "2025.12.27"]
[Round "7.89"]
[White "Alexakis, Dimitris"]
[Black "Tran, Thanh Tu"]
[Result "1-0"]
[WhiteTitle "GM"]
[BlackTitle "IM"]
[WhiteElo "2544"]
[BlackElo "2402"]
[WhiteFideId "4277023"]
[BlackFideId "12401404"]
[EventDate "2025.12.26"]

1. e4 Nc6 2. Nf3 d6 3. d4 Nf6 4. Nc3 g6 5. Bb5 a6 6. Bxc6+ bxc6 7. O-O Bg7 8.
Re1 O-O 9. e5 Nd5 10. Ne4 Bg4 11. h3 Bxf3 12. Qxf3 dxe5 13. dxe5 Bxe5 14. Bh6
Bg7 15. Bxg7 Kxg7 16. c4 Nf6 17. Nxf6 exf6 18. Qxc6 Qd2 19. b3 a5 20. Qxc7 a4
21. c5 Rfc8 22. Qd6 Qb4 23. Rac1 axb3 24. axb3 Ra2 25. Qb6 Qd4 26. Rf1 Rb2 27.
Rc4 Qxc4 28. bxc4 Rxb6 29. cxb6 Rxc4 30. Rb1 Rc8 31. b7 Rb8 32. g4 f5 33. gxf5
gxf5 34. Rb6 Kf8 35. Kg2 Ke7 36. Kf3 Kd7 37. Kf4 Kc7 38. Rb3 Rxb7 39. Rxb7+ Kxb7
40. Kxf5 Kc6 41. Kf6 Kd5 42. Kxf7 Ke4 43. Kg7 h5 44. Kg6 h4 45. Kg5 Kf3 46. Kxh4
Kxf2 47. Kg5 1-0

[Event "World Rapid 2025"]
[Site "Doha QAT"]
[Date "2025.12.27"]
[Round "7.90"]
[White "Lodici, Lorenzo"]
[Black "Krallis, Christos"]
[Result "0-1"]
[WhiteTitle "GM"]
[BlackTitle "IM"]
[WhiteElo "2590"]
[BlackElo "2416"]
[WhiteFideId "884189"]
[BlackFideId "4298896"]
[EventDate "2025.12.26"]

1. e4 e5 2. Nf3 Nc6 3. Bc4 Bc5 4. d3 Nf6 5. a4 a6 6. Be3 Bxe3 7. fxe3 d5 8. exd5
Nxd5 9. Qd2 O-O 10. Nc3 Nb6 11. Bb3 Qe7 12. a5 Nd7 13. O-O Nc5 14. Bd5 Rd8 15.
Rae1 Bg4 16. d4 e4 17. Bxc6 bxc6 18. Ne5 Qxe5 19. Qf2 Qe7 20. dxc5 Be6 21. b3
Qxc5 22. Nxe4 Qxa5 23. Qg3 h6 24. Re2 Kh8 25. Qh4 Rd5 26. Ref2 Rh5 27. Qe7 Qe5
28. Ng3 Rg5 29. e4 Qd6 30. Nf5 Bxf5 31. Qxd6 cxd6 32. exf5 Rg4 33. f6 g5 34. Re1
Kh7 35. Re7 Kg6 36. Rc7 c5 37. Rd2 Rd4 38. Rxd4 cxd4 39. Rc6 Kxf6 40. Rxd6+ Ke5
41. Rxh6 Rc8 42. Rxa6 Rxc2 43. Ra8 d3 44. Rd8 Ke4 45. Kf1 Ke3 46. Re8+ Kd2 47.
Rd8 Kc3 48. Rc8+ Kb2 49. Rd8 d2 50. Ke2 Kc1 51. Kf3 d1=Q+ 52. Rxd1+ Kxd1 0-1

[Event "World Rapid 2025"]
[Site "Doha QAT"]
[Date "2025.12.27"]
[Round "7.91"]
[White "Nainys, Zanas"]
[Black "Mendonca, Leon Luke"]
[Result "0-1"]
[BlackTitle "GM"]
[WhiteElo "2307"]
[BlackElo "2615"]
[WhiteFideId "12844098"]
[BlackFideId "35028561"]
[EventDate "2025.12.26"]

1. d4 Nf6 2. c4 e6 3. Nf3 b6 4. Bf4 Bb7 5. e3 Bb4+ 6. Nfd2 O-O 7. a3 Be7 8. Nc3
d5 9. cxd5 Nxd5 10. Nxd5 exd5 11. Rc1 c5 12. dxc5 bxc5 13. Be2 Qb6 14. O-O Nc6
15. Qc2 Nd8 16. Rfd1 Ne6 17. Be5 Rfd8 18. Bg4 Bf8 19. h4 h6 20. Nf3 Rac8 21. h5
d4 22. exd4 cxd4 23. Qd2 Rxc1 24. Rxc1 Nc5 25. Bxd4 Bxf3 26. Bxf3 Qd6 27. Rxc5
Qxc5 28. Bxc5 Rxd2 29. Bxa7 Rxb2 30. a4 Ra2 31. Bc6 Rc2 32. Bb5 Bc5 33. Bxc5
Rxc5 34. g4 f5 35. f3 f4 36. Kg2 Kf7 37. Bd3 Kf6 38. Kh3 Rc3 39. Be4 Rc4 40. a5
Ra4 41. Bc6 Rxa5 42. Be4 Ra1 43. Bc6 Rg1 44. Be4 0-1

[Event "World Rapid 2025"]
[Site "Doha QAT"]
[Date "2025.12.27"]
[Round "7.92"]
[White "Murzin, Volodar"]
[Black "Tsaruk, Maksim"]
[Result "1-0"]
[WhiteTitle "GM"]
[BlackTitle "GM"]
[WhiteElo "2648"]
[BlackElo "2515"]
[WhiteFideId "44155573"]
[BlackFideId "13511173"]
[EventDate "2025.12.26"]

1. d4 Nf6 2. Nf3 b6 3. Bg5 Bb7 4. Nbd2 e6 5. e3 h6 6. Bh4 c5 7. Bd3 Be7 8. O-O
O-O 9. Re1 d5 10. c3 Nbd7 11. Ne5 Nxe5 12. dxe5 Ne4 13. Bxe7 Qxe7 14. Nf1 f5 15.
f3 Rad8 16. Qe2 Ng5 17. Ng3 f4 18. exf4 Rxf4 19. Nh5 Rff8 20. Bg6 Bc6 21. f4 Ne4
22. c4 Be8 23. Bxe8 Rdxe8 24. Rad1 Rd8 25. Qg4 Kh7 26. cxd5 exd5 27. Ng3 Nxg3
28. hxg3 d4 29. b3 g6 30. Qe2 Qe6 31. Qd3 Kg7 32. Rc1 Qf5 33. Qf3 Rf7 34. b4 d3
35. Red1 d2 36. Rc4 cxb4 37. Re4 h5 38. Kh2 Rc7 39. Re2 Rc3 40. Qf2 Rdd3 41. e6
Kf8 42. e7+ Ke8 43. Rexd2 Rxg3 44. Qd4 Rxg2+ 45. Rxg2 1-0

[Event "World Rapid 2025"]
[Site "Doha QAT"]
[Date "2025.12.27"]
[Round "7.93"]
[White "Samunenkov, Ihor"]
[Black "Salem, A.R. Saleh"]
[Result "1/2-1/2"]
[WhiteTitle "GM"]
[BlackTitle "GM"]
[WhiteElo "2584"]
[BlackElo "2635"]
[WhiteFideId "14187086"]
[BlackFideId "9301348"]
[EventDate "2025.12.26"]

1. d4 Nf6 2. c4 g6 3. g3 c6 4. Bg2 d5 5. Nf3 Bg7 6. O-O O-O 7. a4 Be6 8. Ng5 Bc8
9. Na3 h6 10. Nf3 Bf5 11. b4 Ne4 12. Bb2 Nd7 13. Qb3 Ndf6 14. Rad1 h5 15. c5 Qc8
16. Nc2 Bh3 17. Bc1 Re8 18. Ne5 Bxg2 19. Kxg2 Nd7 20. f3 Nef6 21. e4 e6 22. Nxd7
Nxd7 23. e5 b6 24. a5 Qa6 25. Qd3 Qxd3 26. Rxd3 bxc5 27. bxc5 Rab8 28. f4 Rb5
29. Bd2 Reb8 30. Bc3 f6 31. Kf3 Kf7 32. Ke2 Bf8 33. Ra1 a6 34. Ne1 Be7 35. Nf3
Rb1 36. Rd1 Rxd1 37. Kxd1 fxe5 38. fxe5 g5 39. Ne1 Rb5 40. Nd3 Bd8 41. Kc2 Kg6
42. Rf1 1/2-1/2

[Event "World Rapid 2025"]
[Site "Doha QAT"]
[Date "2025.12.27"]
[Round "7.94"]
[White "Suleymenov, Alisher"]
[Black "Ganguly, Surya Shekhar"]
[Result "1-0"]
[WhiteTitle "GM"]
[BlackTitle "GM"]
[WhiteElo "2505"]
[BlackElo "2568"]
[WhiteFideId "13707833"]
[BlackFideId "5002150"]
[EventDate "2025.12.26"]

1. d4 Nf6 2. c4 e6 3. Nc3 Bb4 4. a3 Bxc3+ 5. bxc3 d5 6. e3 c5 7. cxd5 exd5 8.
Bd3 Qa5 9. Bd2 c4 10. Bc2 Nc6 11. f3 O-O 12. Ne2 Bd7 13. O-O Rae8 14. Ng3 h5 15.
e4 h4 16. e5 hxg3 17. exf6 gxh2+ 18. Kh1 gxf6 19. f4 Kg7 20. f5 Rh8 21. Qf3 Rh7
22. Rab1 Kh8 23. Qf4 Bc8 24. Rbe1 Rg8 25. a4 Qd8 26. Rf3 Bd7 27. Rg3 Qb8 28.
Rxg8+ Kxg8 29. Qf3 Rg7 30. Bf4 Qc8 31. Bh6 Rh7 32. Qg3+ Kh8 33. Qh4 Qd8 34. Re3
Be8 35. Rg3 Qd6 36. Bg7+ Kg8 37. Bxf6+ Kf8 38. Qg5 1-0

[Event "World Rapid 2025"]
[Site "Doha QAT"]
[Date "2025.12.27"]
[Round "7.95"]
[White "Maksimovic, Bojan"]
[Black "Saraci, Nderim"]
[Result "1/2-1/2"]
[WhiteTitle "GM"]
[BlackTitle "IM"]
[WhiteElo "2533"]
[BlackElo "2461"]
[WhiteFideId "14408120"]
[BlackFideId "6351921"]
[EventDate "2025.12.26"]

1. c4 Nf6 2. Nf3 e6 3. g3 b6 4. Bg2 Bb7 5. O-O Be7 6. d3 c5 7. e4 d6 8. Nc3 O-O
9. h3 Nc6 10. Be3 d5 11. exd5 exd5 12. Bg5 h6 13. Bxf6 Bxf6 14. Nxd5 Bxb2 15.
Rb1 Bf6 16. Re1 Nb4 17. Nxb4 cxb4 18. d4 a5 19. Ne5 Bxg2 20. Kxg2 Rc8 21. Qg4
Qd6 22. Nd7 Rfd8 23. Nxf6+ Qxf6 24. d5 h5 25. Qe4 Rc5 26. Rbd1 Qd6 27. Rd4 Rdc8
28. Re2 b5 29. cxb5 Rxb5 30. Qf5 Rd8 31. Qxh5 Rxd5 32. Re8+ Rxe8 33. Qxd5 Qxd5+
34. Rxd5 a4 35. Ra5 a3 36. Rb5 Re4 37. Kf3 Rc4 38. Ke3 Rc2 1/2-1/2

[Event "World Rapid 2025"]
[Site "Doha QAT"]
[Date "2025.12.27"]
[Round "7.96"]
[White "Najer, Evgeniy"]
[Black "Davtyan, Artur"]
[Result "1-0"]
[WhiteTitle "GM"]
[BlackTitle "IM"]
[WhiteElo "2619"]
[BlackElo "2474"]
[WhiteFideId "4118987"]
[BlackFideId "13308327"]
[EventDate "2025.12.26"]

1. e4 e5 2. Nf3 Nc6 3. Bb5 a6 4. Ba4 Nf6 5. O-O d6 6. Re1 Bd7 7. Bxc6 Bxc6 8.
Nc3 Be7 9. d4 O-O 10. h3 exd4 11. Nxd4 Nd7 12. Bf4 Bf6 13. Qd2 Re8 14. Rad1 Ne5
15. b3 Bd7 16. Nd5 Nc6 17. Nf3 Be6 18. c4 a5 19. Kf1 Nb4 20. Nxf6+ Qxf6 21. Bg5
Qg6 22. Nh4 Qh5 23. g4 Bxg4 24. hxg4 Qxg4 25. Qf4 Qh3+ 26. Ke2 Nxa2 27. Rd3 Qe6
28. Kf1 h6 29. Rg3 hxg5 30. Qxg5 Qe5 31. Nf5 Re6 32. Kg2 Nb4 33. Qxg7+ Qxg7 34.
Rxg7+ Kf8 35. Rh1 Rg6+ 36. Rxg6 fxg6 37. Rh8+ Kf7 38. Nh6+ Kg7 39. Rxa8 Kxh6 40.
Ra7 Nd3 41. Rxb7 Nc5 42. Rxc7 Nxb3 43. Rc6 a4 44. Rxd6 Nc5 45. Rd5 Nb3 46. c5 a3
47. c6 a2 48. Rd1 Nd2 49. Ra1 1-0

[Event "World Rapid 2025"]
[Site "Doha QAT"]
[Date "2025.12.27"]
[Round "7.69"]
[White "Rakotomaharo, Fy Antenaina"]
[Black "Nguyen, Ngoc Truong Son"]
[Result "1-0"]
[WhiteTitle "IM"]
[BlackTitle "GM"]
[WhiteElo "2434"]
[BlackElo "2600"]
[WhiteFideId "13100050"]
[BlackFideId "12401110"]
[EventDate "2025.12.26"]

1. e4 e5 2. Nf3 Nc6 3. Bc4 Bc5 4. d3 Nf6 5. O-O d6 6. c3 a5 7. Bb3 Ba7 8. Re1
O-O 9. h3 Ne7 10. Nbd2 Ng6 11. Nf1 Nh5 12. d4 Nhf4 13. Be3 Qf6 14. N1h2 h5 15.
Kh1 Be6 16. Ng1 a4 17. Bc2 a3 18. b3 h4 19. d5 Bd7 20. Qf3 Qg5 21. Ne2 Bxe3 22.
fxe3 Nh5 23. Rg1 f5 24. exf5 Bxf5 25. Bxf5 Rxf5 26. Qg4 Nf6 27. Qxg5 Rxg5 28.
Nf3 Rf5 29. Raf1 e4 30. Nfd4 Rxf1 31. Rxf1 Nxd5 32. Nf5 Rf8 33. c4 Nb4 34. Nc3
Re8 35. Rf2 Ne5 36. Nxh4 Ned3 37. Rf1 Nc2 38. Nf5 g6 39. Nh6+ Kg7 40. Ng4 Re6
41. Rd1 Ncb4 42. Nb5 c6 43. Nxa3 Re8 44. Rf1 Ra8 45. Nb1 Nxa2 46. Rf6 Rf8 47.
Rxf8 Kxf8 48. Nf6 Nc5 49. Nd2 Nc3 50. b4 Kf7 51. bxc5 Kxf6 52. cxd6 b6 53. h4
Ke6 54. c5 bxc5 55. Nc4 Nb5 56. g4 Nxd6 57. Nxd6 Kxd6 58. Kg2 c4 59. Kf2 1-0

[Event "World Rapid 2025"]
[Site "Doha QAT"]
[Date "2025.12.27"]
[Round "7.70"]
[White "Sasikiran, Krishnan"]
[Black "Nikitenko, Mihail"]
[Result "0-1"]
[WhiteTitle "GM"]
[BlackTitle "GM"]
[WhiteElo "2538"]
[BlackElo "2476"]
[WhiteFideId "5004985"]
[BlackFideId "13506862"]
[EventDate "2025.12.26"]

1. e4 e5 2. Nf3 Nc6 3. Bb5 a6 4. Ba4 d6 5. O-O Bd7 6. c4 Nf6 7. Re1 Be7 8. d3
O-O 9. h3 Rb8 10. Nc3 Nd4 11. Bxd7 Nxf3+ 12. Qxf3 Nxd7 13. Qg4 Kh8 14. Be3 c6
15. d4 b5 16. d5 Nf6 17. Qf3 bxc4 18. dxc6 Rc8 19. Rad1 Rxc6 20. Re2 h6 21. Red2
Qd7 22. Qe2 Qe6 23. Rc2 Rfc8 24. Nd5 Nxe4 25. Bxh6 Nf6 26. Nxe7 Qxe7 27. Bg5 Rc5
28. Rcd2 R8c6 29. Qf3 Qe6 30. Bxf6 gxf6 31. Re1 Kg7 32. Qg3+ Kf8 33. Qh4 Ke7 34.
f4 c3 35. bxc3 Rc4 36. Rf2 e4 37. Kh2 d5 38. Rb2 Rc7 39. Qh8 Rxc3 40. Reb1 Qf5
41. Qh6 Qg6 42. Qh4 Rc2 43. Rxc2 Rxc2 44. Rg1 d4 45. Qe1 Rc3 46. Qf2 e3 47. Qb2
Qe4 48. Qb4+ Ke6 49. Qb6+ Kf5 50. Qa5+ 0-1

[Event "World Rapid 2025"]
[Site "Doha QAT"]
[Date "2025.12.27"]
[Round "7.71"]
[White "Balakrishnan, Praveen"]
[Black "Muradli, Mahammad"]
[Result "0-1"]
[WhiteTitle "GM"]
[BlackTitle "GM"]
[WhiteElo "2507"]
[BlackElo "2581"]
[WhiteFideId "2064871"]
[BlackFideId "13409301"]
[EventDate "2025.12.26"]

1. e4 c5 2. Nf3 d6 3. d4 cxd4 4. Nxd4 Nf6 5. Nc3 a6 6. f3 e5 7. Nb3 Be6 8. Be3
h5 9. Nd5 Bxd5 10. exd5 Nbd7 11. Qd2 g6 12. O-O-O Bg7 13. Kb1 Qc7 14. Rg1 O-O
15. Qf2 Rfc8 16. g4 b5 17. g5 Ne8 18. Bd3 Rcb8 19. Nd2 a5 20. Ne4 a4 21. Rc1 Nb6
22. Bxb6 Rxb6 23. Rgd1 Qb7 24. c3 b4 25. c4 Nc7 26. Nf6+ Kh8 27. Nd7 Rba6 28. c5
Nxd5 29. Bxa6 Rxa6 30. Nf6 Nxf6 31. gxf6 Bxf6 32. cxd6 b3 33. a3 Qd7 34. Rc7
Qf5+ 35. Ka1 Kg7 36. Qe2 Rb6 37. d7 Rb8 38. Qe4 Qh3 39. Rg1 Rd8 40. Rd1 h4 41.
Qe2 e4 42. fxe4 Qe6 43. e5 Bg5 44. Qc4 Qh3 45. Qe2 Bf4 46. Rc3 Qe6 47. Rd6 Qe7
48. Rd5 Rxd7 49. Rxd7 Qxd7 50. Rc4 g5 51. Re4 Qc6 52. Qc4 Qxc4 53. Rxc4 Bxh2 54.
Rxa4 Bxe5 55. Re4 f6 56. a4 h3 57. a5 h2 58. Re1 g4 59. a6 Bd4 0-1

[Event "World Rapid 2025"]
[Site "Doha QAT"]
[Date "2025.12.27"]
[Round "7.72"]
[White "Gavrilescu, David"]
[Black "Averin, Nikolay"]
[Result "1/2-1/2"]
[WhiteTitle "GM"]
[BlackTitle "FM"]
[WhiteElo "2542"]
[BlackElo "2389"]
[WhiteFideId "1227190"]
[BlackFideId "24250473"]
[EventDate "2025.12.26"]

1. e4 Nf6 2. e5 Nd5 3. d4 d6 4. c4 Nb6 5. exd6 cxd6 6. Nc3 g6 7. h3 Bg7 8. Nf3
O-O 9. Be2 Nc6 10. O-O Bf5 11. d5 Ne5 12. Nd4 Nexc4 13. a4 a5 14. Nxf5 gxf5 15.
Bd3 e6 16. Re1 Ne5 17. Bb1 Re8 18. dxe6 fxe6 19. Nb5 d5 20. Bf4 Nbd7 21. Ra3 Ng6
22. Bh2 Nde5 23. Rae3 f4 24. Rxe5 Nxe5 25. Bxf4 Ng6 26. Bg3 e5 27. Qg4 Ra6 28.
h4 Kh8 29. h5 Nf8 30. Bh4 Bf6 31. Bg3 Rc6 32. Rd1 d4 33. Be4 Qd7 34. Qf3 Bg7 35.
Kh2 Rf6 36. Qe2 Ne6 37. Qg4 Nc5 38. Qxd7 Nxd7 39. Rc1 Rh6 40. Rc7 Nf6 41. Bxb7
Nxh5 42. Bh4 Nf4 43. g3 d3 44. Rd7 Bf6 45. Nd6 Rf8 46. Nf7+ Rxf7 47. Rxf7 Bxh4
48. gxf4 d2 49. Rd7 Bg5+ 50. Kg2 Bxf4 51. Be4 Kg8 52. Kf1 Rb6 53. Bxh7+ Kf8 54.
Bc2 Rxb2 55. Bd1 Rb4 56. f3 Rb6 57. Rd5 Rh6 58. Kg2 Rg6+ 59. Kf2 Ra6 60. Rd7 Ke8
61. Rh7 Rd6 62. Ra7 Rd5 63. Rb7 Kd8 64. Ke2 Rd6 65. Ra7 Rh6 66. Kd3 Rd6+ 67. Ke2
Rd5 68. Rb7 Rd6 69. Ra7 Rh6 70. Kd3 Rd6+ 71. Ke2 1/2-1/2

[Event "World Rapid 2025"]
[Site "Doha QAT"]
[Date "2025.12.27"]
[Round "7.73"]
[White "Bai, Adelard"]
[Black "Puranik, Abhimanyu"]
[Result "1/2-1/2"]
[WhiteTitle "IM"]
[BlackTitle "GM"]
[WhiteElo "2417"]
[BlackElo "2622"]
[WhiteFideId "16301188"]
[BlackFideId "5061245"]
[EventDate "2025.12.26"]

1. d4 Nf6 2. Bg5 d5 3. e3 c5 4. Bxf6 gxf6 5. dxc5 Nc6 6. Nf3 e6 7. Be2 Bxc5 8.
O-O O-O 9. c4 dxc4 10. Qa4 f5 11. Qxc4 Bb6 12. Rd1 Qf6 13. Nc3 Ne5 14. Nxe5 Qxe5
15. Bf3 Rb8 16. Qh4 Bc5 17. Rd8 b6 18. Qg5+ Qg7 19. Rxf8+ Bxf8 20. Qf4 e5 21.
Qa4 e4 22. Be2 Qe5 23. Rd1 Be6 24. Bc4 b5 25. Bxb5 Qc5 26. g3 h6 27. Rd2 Bg7 28.
Bf1 Bxc3 29. bxc3 Qxc3 30. Qd1 Kh7 31. Kg2 a5 32. Rc2 Qb4 33. Qh5 Rd8 34. Rc7
Kg7 35. Qh4 Rd2 36. Qf4 Qb2 37. Bc4 Bxc4 38. Rxc4 Qb5 39. Qc7 Rd1 40. a4 Qd5 41.
Rc5 Qd3 42. Qe5+ Kh7 43. Qxf5+ Kg7 44. Kh3 Rh1 45. Qg4+ Kh7 46. Qf5+ Kg7 47.
Qg4+ Kh7 48. Qf5+ Kg7 49. Qg4+ Kh7 50. Qf5+ Kg7 51. Rc7 Qf1+ 52. Kg4 Qe2+ 53.
Kf4 1/2-1/2

[Event "World Rapid 2025"]
[Site "Doha QAT"]
[Date "2025.12.27"]
[Round "7.74"]
[White "Nesterov, Arseniy"]
[Black "Ohanyan, Emin"]
[Result "1/2-1/2"]
[WhiteTitle "GM"]
[BlackTitle "GM"]
[WhiteElo "2595"]
[BlackElo "2493"]
[WhiteFideId "24198455"]
[BlackFideId "13312022"]
[EventDate "2025.12.26"]

1. d4 d5 2. c4 c6 3. cxd5 cxd5 4. Bf4 Nc6 5. e3 Nf6 6. Nc3 a6 7. Bd3 Bg4 8. Nge2
e6 9. O-O Be7 10. Rc1 O-O 11. Na4 Nd7 12. Bg3 Rc8 13. f3 Bh5 14. Nf4 Bg6 15.
Nxg6 hxg6 16. Bf2 b5 17. Nc3 Nb6 18. Qe2 Nc4 19. f4 Qa5 20. e4 Nb4 21. Bb1 dxe4
22. Bxe4 Nxa2 23. Nxa2 Qxa2 24. Bxg6 Qxb2 25. Bc2 Qb4 26. Qh5 f5 27. d5 Na3 28.
Bd3 Rxc1 29. Rxc1 Qxf4 30. Re1 Bb4 31. g3 Qd6 32. Rxe6 Qxd5 33. Rh6 gxh6 34.
Qg6+ Kh8 35. Qxh6+ Kg8 36. Qg6+ Kh8 1/2-1/2

[Event "World Rapid 2025"]
[Site "Doha QAT"]
[Date "2025.12.27"]
[Round "7.75"]
[White "Can, Emre"]
[Black "Morris, James"]
[Result "1-0"]
[WhiteTitle "GM"]
[BlackTitle "IM"]
[WhiteElo "2541"]
[BlackElo "2422"]
[WhiteFideId "6302181"]
[BlackFideId "3205800"]
[EventDate "2025.12.26"]

1. Nf3 Nf6 2. c4 e6 3. g3 c6 4. d4 b6 5. Bg2 Bb4+ 6. Nbd2 O-O 7. O-O d5 8. Qc2
Nbd7 9. e4 Ba6 10. e5 Ne8 11. Rd1 Nc7 12. cxd5 cxd5 13. Nf1 Be7 14. h4 Re8 15.
Bg5 Rc8 16. Qd2 h6 17. Bxe7 Qxe7 18. g4 f6 19. exf6 Nxf6 20. g5 Ne4 21. Qe3 Rf8
22. Ng3 Bb7 23. Rac1 Nb5 24. Rxc8 Rxc8 25. gxh6 Nbd6 26. hxg7 Qxg7 27. Ng5 Rc2
28. N3xe4 Nxe4 29. Bxe4 dxe4 30. Qb3 Qc7 31. Qxe6+ Kf8 32. Qf6+ Ke8 33. Qg6+ Ke7
34. Qf7+ Kd6 35. Qe6# 1-0

[Event "World Rapid 2025"]
[Site "Doha QAT"]
[Date "2025.12.27"]
[Round "7.76"]
[White "Sanal, Vahap"]
[Black "Suleimen, Ergali"]
[Result "1-0"]
[WhiteTitle "GM"]
[BlackTitle "IM"]
[WhiteElo "2546"]
[BlackElo "2419"]
[WhiteFideId "6300545"]
[BlackFideId "13724452"]
[EventDate "2025.12.26"]

1. e4 c5 2. Nc3 Nc6 3. Bb5 Nd4 4. a4 e6 5. Nge2 a6 6. Bc4 Nf6 7. d3 Nc6 8. O-O
Be7 9. Ba2 O-O 10. Bg5 h6 11. Bh4 Qc7 12. Bg3 d6 13. h3 b6 14. f4 Bb7 15. f5 e5
16. Nd5 Nxd5 17. Bxd5 Nd4 18. Nc3 Kh7 19. Bxb7 Qxb7 20. Nd5 f6 21. Be1 Bd8 22.
Bd2 Nc6 23. Rf3 Ne7 24. Nxe7 Bxe7 25. Rg3 Rf7 26. Qh5 Bf8 27. Bxh6 Kg8 28. Be3
Qd7 29. Rg4 Qe8 30. Rh4 Rd7 31. Qh7+ Kf7 32. Bh6 Qe7 33. Qg6+ Kg8 34. Be3 Qe8
35. Qh7+ Kf7 36. Rg4 Ke7 37. c4 Kd8 38. Qg6 Kc7 39. Qxe8 Rxe8 40. Rh4 Rb8 41.
Rh8 Rf7 42. g4 Be7 43. Rxb8 Kxb8 44. h4 Rf8 45. Kg2 Kb7 46. Rh1 b5 47. axb5 axb5
48. b3 Ra8 49. g5 Ra3 50. g6 bxc4 51. bxc4 Rxd3 52. h5 Bf8 53. h6 gxh6 54. Bxh6
Bxh6 55. Rxh6 Rd2+ 56. Kf3 Rd3+ 57. Kg4 Rd1 58. Rh3 1-0

[Event "World Rapid 2025"]
[Site "Doha QAT"]
[Date "2025.12.27"]
[Round "7.97"]
[White "Ezat, Mohamed"]
[Black "Daneshvar, Bardiya"]
[Result "0-1"]
[WhiteTitle "IM"]
[BlackTitle "GM"]
[WhiteElo "2294"]
[BlackElo "2600"]
[WhiteFideId "10600906"]
[BlackFideId "12576468"]
[EventDate "2025.12.26"]

1. d4 Nf6 2. c4 e6 3. Nc3 Bb4 4. e3 b6 5. a3 Bxc3+ 6. bxc3 Bb7 7. f3 c5 8. Bd3
d6 9. Ne2 Nc6 10. O-O Qe7 11. e4 Nd7 12. f4 O-O-O 13. a4 Na5 14. Ng3 h5 15. e5
f5 16. d5 g6 17. Re1 Rhe8 18. Nh1 Qf7 19. Ra2 exd5 20. Rae2 Nf8 21. e6 Rxe6 22.
Rxe6 Nxe6 23. cxd5 Bxd5 24. Nf2 Nc7 25. Nh3 Re8 26. Ng5 Qd7 27. Be3 Bb3 28. Qf3
Bxa4 29. Ra1 Bc6 30. Qg3 Kb8 31. h3 Bd5 32. Bf2 Bc4 33. Rxa5 Bxd3 34. Ra1 Bc4
35. Nf3 Bd5 36. Nh4 Rg8 37. Re1 Be4 38. c4 Qf7 39. Qc3 Re8 40. Ra1 Ba8 41. Qd2
Rd8 42. Qa2 Ne6 43. Nxg6 Bxg2 44. Bh4 Qxg6 45. Bxd8 Bb7+ 46. Kh2 Nxd8 47. Qxa7+
Kc8 48. Rg1 Qe6 49. Qa2 Qe3 50. Rf1 h4 51. Qf2 Qxf2+ 52. Rxf2 Ne6 53. Kg1 Be4
54. Kh2 Kc7 55. Rf1 Kc6 0-1

[Event "World Rapid 2025"]
[Site "Doha QAT"]
[Date "2025.12.27"]
[Round "7.98"]
[White "Vakhidov, Jakhongir"]
[Black "Nurgaliyev, Sauat"]
[Result "1-0"]
[WhiteTitle "GM"]
[BlackTitle "IM"]
[WhiteElo "2516"]
[BlackElo "2437"]
[WhiteFideId "14201801"]
[BlackFideId "13726285"]
[EventDate "2025.12.26"]

1. c4 c5 2. g3 Nc6 3. Bg2 g6 4. Nc3 Bg7 5. Nf3 e6 6. d4 Nxd4 7. Nxd4 cxd4 8. Ne4
d5 9. Qa4+ Kf8 10. Qa3+ Qe7 11. Nd6 Be5 12. c5 h5 13. O-O Kg7 14. Re1 Nh6 15. e4
dxe3 16. Rxe3 Ng4 17. Re2 Bd4 18. h3 Ne5 19. Bf4 Nc6 20. Bxd5 h4 21. Bxc6 bxc6
22. Rd1 Bf6 23. Ne4 Rh5 24. Bd6 Qd8 25. g4 Re5 26. g5 1-0